• 首页
  • 本馆介绍
  • 公告通知
  • 最新文献
  • 馆藏检索
  • 电子资源
  • 读者导购
  • 参考咨询
  • 我的图书馆
  • 登录
  • 详细信息显示
  • 放入我的书架
  • 预约/预借图书
  • 作者相关作品
  • 分类相关作品
  • 丛书相关作品
  • 出版社相关作品

书目信息

  • 表格格式
  • 工作单格式
  • 卡片格式
题名:
几何光学基础
    
 
作者: ;上海师范学院物理系
分册:  
出版信息: 上海   上海师范学院物理系  
页数: 1册
开本: 26cm
丛书名:
单 册:
中图分类: O435
科图分类:
主题词: 光学
电子资源:
ISBN:
000 00536nam0 2200181 450
001 0630564594
005 20060820083221.21
010    @dCNY1.20
100    @a20060820d km y0chiy0120 ea
101 0  @achi
200 1  @a几何光学基础@Aji he guang xue ji chu@f上海师范学院物理系@Fshang hai shi fan xue yuan wu li xi
210    @a上海@c上海师范学院物理系
215    @a1册@d26cm
606 0  @a光学
690    @aO435@v3
711  0 @a上海师范学院物理系@Ashang hai shi fan xue yuan wu li xi
801  0 @aCN@bPFT@c20060820
905    @a10447@dO435@e35
    
    几何光学基础/上海师范学院物理系.-上海:上海师范学院物理系
    1册;26cm
    
    
    ISBN :CNY1.20
    
●
相关链接 在E读中查询图书 在五车中查询图书 在当当中查询图书 在豆瓣中查询图书


正题名:几何光学基础     索取号:O435/35         预约/预借

序号 登录号 条形码 馆藏地/架位号 状态 备注
1 0468980   204689809   密集书库/ [索取号:O435/35] 在馆    
唐山师范学院图书馆 欢迎您!
大连网信软件有限公司© 版权所有